| 000 | 08314 a2200661 4500 | ||
|---|---|---|---|
| 005 | 20091109105425.0 | ||
| 010 | _aHIN-88315 | ||
| 020 | _c350.00 | ||
| 035 | _aHN-60661 | ||
| 035 | _aB-370454-481 | ||
| 037 | _bDBAD / PUB | ||
| 037 | _bअनु प्रकाशन/ PUB | ||
| 082 | _a615.321 | ||
| 100 |
_aशर्मा, राजीव _910232 |
||
| 245 |
_aभोजन द्वारा चिकित्सा / _cराजीव शर्मा |
||
| 250 | _a | ||
| 260 |
_aदिल्ली _bमनोज पब्लिकेशन्स _c2010 |
||
| 260 |
_aजयपुर _bअनु प्रकाशन _c2010 |
||
| 270 |
_bदिल्ली _e _k |
||
| 270 |
_a958,धामाणी मार्केट की गली , चौड़ा रास्ता _bजयपुर _e _k |
||
| 300 |
_a358 पृ _b _c22सेमी (सजिल्द) |
||
| 500 | _a | ||
| 610 |
_2 _aसरकार, बादल _910233 |
||
| 650 |
_a भोजन द्वारा चिकित्सा _x _910234 |
||
| 650 |
_a _910235 |
||
| 700 |
_a _910047 |
||
| 942 |
_adpl _cHN _k _2ddc _h615.321 _mशर्मारा |
||
| 999 |
_c31563 _d31563 |
||